01139nam a2200253Ia 4500008004100000020001800041040001800059041000800077245010700085260005100192300006700243504004200310650004200352650005000394650006900444650001900513700003700532700003300569700002500602700003500627700003800662710006900700710011600769130821s2011 ck aob gr spa  a9789586957076 aCo-BoUCMbspa00aspa00aCalidad del recurso hídrico de Bogotá (2009-2010)cManuel Salvador Rodríguez Susa ... [et al.]. aBogotá (Colombia)bEdicione s Uniandesc2011 a2 volúmenesbilustraciones, gráficas, fotografías, mapas aIncluye referencias bibliográficas.04aCalidad del aguazBogotá (Colombia)04aContaminación del aguazBogotá (Colombia)04aDistribución del aguaxControl de calidadzBogotá (Colombia)04aMedio ambiente1 aMedina Muñoz, Sandra Constanza1 aPérez Hoyos, Alma Patricia1 aPorras, Lina Sabrina1 aRodríguez Ruiz, Lina María1 aRodríguez Susa, Manuel Salvador1 aColombia.bAlcaldía Mayor.bSecretaría Distrital de Ambiente1 aUniversidad de los Andes (Colombia).bFacultad de Ingeniería.bDepartamento de Ingeniería Civil y Ambiental